Aydin /

A partir de una noticia periodística, el autor nos relata la aventura de una pequeña ballena beluga en su búsqueda de la libertad. Una historia cargada de poesía, amor y, sobre todo, esperanza para todos aquellos seres que tienen que soportar algún tipo de prisión.

Guardado en:
Autor Principal: Sierra i Fabra, Jordi.
Otros Autores: Puebla, Teo; il.
Formato: Libro
Idioma:Undetermined
Publicado: Barcelona : Edebé, 1994.
Series:Tucán. A partir de 9 años
Materias:
Etiquetas: Agregar Etiqueta
Sin Etiquetas, Sea el primero en etiquetar este registro!
LEADER 00897nam a22002055a 4500
001 CEM.cems020270
008 230731s1994####sp############000#0#und#d
005 20230801173053.0
245 1 0 |a Aydin /  |c Jordi Sierra i Fabra; ilustrado por Teo Puebla. 
260 |a Barcelona :  |b Edebé,  |c 1994. 
300 |a 144 p. 
490 1 |a Tucán. A partir de 9 años 
520 |a A partir de una noticia periodística, el autor nos relata la aventura de una pequeña ballena beluga en su búsqueda de la libertad. Una historia cargada de poesía, amor y, sobre todo, esperanza para todos aquellos seres que tienen que soportar algún tipo de prisión. 
020 |a 9788423637089 
100 1 |a Sierra i Fabra, Jordi. 
700 1 |a Puebla, Teo; il. 
653 |a Novela infantil 
653 |a Literatura infantil 
653 |a Literatura española 
859 |a CEMS  |b BIB. CEMS - Inicial y Primaria  |h 863.4  |i Si172  |k IP  |p 1046  |t Ej.1